| 000 | 00630cac a22002051u 4500 | ||
|---|---|---|---|
| 090 | _c3161 | ||
| 008 | 081030t1983 xxu||||| |||| 00| 0 eng d | ||
| 010 | _a82004836 | ||
| 020 | _a0816611491 | ||
| 020 | _a0816611505 (pbk.) : | ||
| 082 | 0 | 0 |
_a121 _bK981 |
| 100 | _aKyburg, Henry Ely, | ||
| 245 | 1 | 0 |
_aEpistemology and inference / _cHenry E. Kyburg, Jr. |
| 260 |
_aMinneapolis : _bUniversity of Minnesota Press, _cc1983. |
||
| 300 |
_axi, 318 p. : _bgraphs ; _c24 cm. |
||
| 504 | _aIncludes bibliographical references and index. | ||
| 650 | 0 | _aProbabilities. | |
| 650 | 0 |
_aInference. _9708 |
|
| 942 |
_cBB _k121K981 _2ddc |
||
| 999 |
_c3161 _d3161 |
||